OCR B History People's Health: 1250-1500 - Statistics

General Stats
  • This quiz has been taken 20 times
  • The average score is 10 of 22
Answer Stats
Hint Answer % Correct
The primary religion in Medieval England. Christianity
88%
Pit used to collect human excrement (in the countryside many peasants just dug holes in their gardens though). Waste from here would be used as fertiliser. Cesspit
81%
Poisonous gas people believed to be disease-causing. Miasma
81%
Style of roof in many houses in medieval towns where rats and insects thrived. Thatched
81%
Greek idea that the human body was made up of blood, phlegm, yellow bile and black bile. An imbalance in these would lead to disease. Four humours
75%
Every village was located to one of these and they were the main source of water for humans and their animals. River/spring
69%
Fountain that provided towns with spring water piped from the countryside, the earliest of which were built by the Church as they needed clean water for rituals and could afford to lay the pipes. By 1400 town councils often took over the maintenance of these. Conduit
56%
Employed to clear latrines (which may have involved climbing into the pit) to be carted out of town in the night and sold to farmers, but some simply dumped the waste into streams (e.g. Shitbrook in Exeter). Gongfermers
56%
Toilet without any flushing system. Latrine
50%
1348-50 plague first arriving in England at Dorset. The Black Death
50%
People who were whipped to repent and suffer on behalf of others, believing that God would take away the plague. They arrived in England from northern Europe - very few English copied them. Flagellants
44%
Servants of kings. They owned a manor (parcel of land) whose farm produce would allow them to live in comfort. In the 13th century they could sit in parliament and have some say over the King's taxes, but they couldn't really control what the King could do. Lords
44%
Employed to clear streets and dispose the waste outside town walls, where it could be taken by peasants to use as fertiliser. Introduced in London in 1293 and by 1500 most other towns employed them. Rakers
44%
A disease caused by fungi in rye with symptoms including painful pustules on skin, a burning sensation and hallucinations. aka St Anthony's Fire as it was known at the time. Ergotism
38%
Dunghill/rubbish heap found in gardens of countryside houses. Contained floor sweepings, kitchen waste broken pots, etc. Waste from here would be used as fertiliser. Midden
38%
These might have been used to carry waste to the fields as fertiliser, as well as food and other goods to the market. Some had iron-studded wheels for better grip on the poor quality roads. Carts
31%
Over 90% of the population lived in the countryside and worked the land for ^. They suffered from bad harvests and had no say in how the country was ruled. Peasants
31%
Organisation controlling the quality and price of a trade. Guild
25%
People who leather sacks with water from these ^ fountains and sold them door-to-door. Water carriers/water sellers
25%
The most common type of ale in medieval times, also relatively nutritious and making it involved boiling water which killed germs. Small beer
19%
Softening and cleaning clothing by pounding (with feet or with hammers powered by water mills) in a urine mixture. Fulling
6%
Mayor of London who in 1423 left money in his will to fund building of public latrines in the city. Richard Whittington
6%
No matching quizzes found
Score Distribution
Percent of People with Each Score
Percentile by Number Answered
Your Score History
You have not taken this quiz